Gakky Two-Feet / by Micky Dolenz ; illustrated by ... Read More
Available copies
- 1 of 1 copy available at LARL/NWRL Consortium.
Current holds
0 current holds with 1 total copy.
Show Only Available Copies
| Location | Call Number / Copy Notes | Barcode | Shelving Location | Status | Due Date |
|---|---|---|---|---|---|
| Roseau Public Library | e DOL (Text) | 35500003926639 | Main | Available | - |
Record details
- ISBN: 0399244689 (trade bdg.)
- ISBN: 1415680892 (BWI bdg.)
- Physical Description: 1 v. (unpaged) : col. ill. ; 23 x 26 cm.
- Publisher: New York : Putnam, c2006.
Content descriptions
| Summary, etc.: | Although the other hominidees tease him, Gak ... Read More |
Search for related items by subject
| Subject: | Individuality > Juvenile fiction. Prehistoric peoples > Juvenile fiction. Teasing > Juvenile fiction. |
| LDR | 01161cam a2200289Ia 4500 | ||
|---|---|---|---|
| 001 | 70804 | ||
| 003 | LARL_NWRL_CONSORTIUM | ||
| 005 | 20060609061348.0 | ||
| 008 | 050909s2006 nyua b 000 1 eng | ||
| 010 | . | ‡a2005025176 | |
| 020 | . | ‡a0399244689 (trade bdg.) | |
| 020 | . | ‡a1415680892 (BWI bdg.) | |
| 024 | 3 | . | ‡a9780399244681 |
| 040 | . | ‡aDLC ‡cDLC ‡dBAKER ‡dOCO ‡dBKX | |
| 042 | . | ‡alcac | |
| 082 | 0 | 0. | ‡a[Fic] ‡222 |
| 100 | 1 | . | ‡aDolenz, Micky. ‡0(LARL_NWRL_CONSORTIUM)56143 |
| 245 | 1 | 0. | ‡aGakky Two-Feet / ‡cby Micky Dolenz ; illustrated by David Clark. |
| 260 | . | ‡aNew York : ‡bPutnam, ‡cc2006. | |
| 300 | . | ‡a1 v. (unpaged) : ‡bcol. ill. ; ‡c23 x 26 cm. | |
| 520 | . | ‡aAlthough the other hominidees tease him, Gak prefers to walk on two legs instead of four, and one day his difference turns out to be helpful, just as his mother said it would. | |
| 650 | 0. | ‡aIndividuality ‡vJuvenile fiction. ‡0(LARL_NWRL_CONSORTIUM)169915 | |
| 650 | 0. | ‡aPrehistoric peoples ‡vJuvenile fiction. | |
| 650 | 0. | ‡aTeasing ‡vJuvenile fiction. | |
| 700 | 1 | . | ‡aClark, David, ‡d1960 Mar. 19- ‡0(LARL_NWRL_CONSORTIUM)97173 |
| 901 | . | ‡a70804 ‡bISxN ‡c70804 ‡tbiblio | |

Add to basket
Permalink
Disable Highlighting